Вып. 9 : Наука ключевые проблемы развития. Научные исследования. Премии ученым. Литература о науке; Наука сегодня

Bibliographic Details
Parent link:Наука сегодня: ежегодный справочник. Вып. 9 : Наука ключевые проблемы развития. Научные исследования. Премии ученым. Литература о науке.— , 1973-1989
Other Authors: Этингоф Е. Б. (редактор)
Language:Russian
Published: 1981
Subjects:
Format: Book
KOHA link:https://koha.lib.tpu.ru/cgi-bin/koha/opac-detail.pl?biblionumber=309336

MARC

LEADER 00000nam2a2200000 4500
001 309336
005 20231102002200.0
020 |a RU  |b 81-92516 
035 |a (RuTPU)RU\TPU\book\334658 
090 |a 309336 
100 |a 20151112g1981 km y0rusy5003 ca 
101 0 |a rus 
200 0 |a Вып. 9 : Наука ключевые проблемы развития. Научные исследования. Премии ученым. Литература о науке  |f под ред. Е. Б. Этингофа 
210 |d 1981 
215 |a 320 с. 
306 |a Изд. выходит с 1973 г. 
461 1 |0 (RuTPU)RU\TPU\book\196995  |t Наука сегодня  |o ежегодный справочник  |v Вып. 9 : Наука ключевые проблемы развития. Научные исследования. Премии ученым. Литература о науке  |d 1973-1989 
606 1 |a Наука  |2 stltpush  |3 (RuTPU)RU\TPU\subj\45070  |9 64332 
610 1 |a справочники 
610 1 |a научные открытия 
610 1 |a научные исследования 
610 1 |a ученые 
610 1 |a премии 
610 1 |a естественные науки 
610 1 |a история 
610 1 |a космические исследования 
610 1 |a литературоведение 
610 1 |a экономика 
610 1 |a технологии 
702 1 |a Этингоф  |b Е. Б.  |4 340 
801 0 |a RU  |b RuMRKP  |c 19950704  |g psbo 
801 1 |a RU  |b 63413507  |c 20151112 
801 2 |a RU  |b 63413507  |c 20180913  |g RCR 
942 |c BK